| 000 | 00552nam a2200181 i 4500 | ||
|---|---|---|---|
| 001 | 47235 | ||
| 003 | ES-MaACL | ||
| 005 | 20230906161526.0 | ||
| 007 | t| | ||
| 008 | 030404s1915 xxk ||||1| spa d | ||
| 100 | 1 |
_aCook, Edward. _940347 |
|
| 245 | 1 | 0 |
_aInglaterra y Turquía _b: las causas de la ruptura / _cpor Edward Cook. |
| 260 |
_aLondres : _bEyre & Spottiswoode, _c1915. |
||
| 300 |
_a20 p. ; _c24 cm. |
||
| 650 | 0 | 4 |
_aGuerra mundial, 1914-1918- _xCausas y antecedentes. _913216 |
| 852 |
_aES-MaACL _jT-1453-F-2 |
||
| 852 |
_aES-MaACL _j1574-F-2 |
||
| 999 |
_c47235 _d47235 |
||